Educación infantil y valores
Bewaard in:
| Hoofdauteurs: | , |
|---|---|
| Formaat: | Boek |
| Taal: | Spaans |
| Gepubliceerd in: |
Bilbao
Desclée de Brouwer
1999
|
| Reeks: | Colección Aprender a Ser
|
| Onderwerpen: | |
| Tags: |
Voeg label toe
Geen labels, Wees de eerste die dit record labelt!
|
MARC
| LEADER | 00000nam a2200000 a 4500 | ||
|---|---|---|---|
| 001 | UCP8819 | ||
| 003 | CL-VaPUC | ||
| 008 | 000317e19990000SP |||||||||||||||||spa|d | ||
| 082 | 0 | 4 | |a 370.114 |b CAS |2 21 |
| 100 | 0 | |a Casals, Ester |e author |9 439062 | |
| 700 | 0 | |a Defis, Otília |e author |9 439063 | |
| 245 | 1 | 0 | |a Educación infantil y valores |
| 300 | |a 184 p | ||
| 942 | |c BK | ||
| 945 | |d 20000317 00:00:00 |a rbrito | ||
| 260 | |a Bilbao |b Desclée de Brouwer |c 1999 | ||
| 650 | 0 | |a Educación moral |9 308319 | |
| 650 | 0 | |a Ética |9 255099 | |
| 650 | 0 | |a Valores sociales |9 309627 | |
| 650 | 0 | |a Educación en el hogar |9 307975 | |
| 583 | |a last modification |c 20000317 00:00:00 |k Rodrigo Vera | ||
| 490 | 0 | |a Colección Aprender a Ser | |
| 999 | |c 285702 |d 285700 | ||